Fabian essays
Zapisane w:
| 1. autor: | |
|---|---|
| Format: | Książka |
| Język: | Undetermined |
| Wydane: |
London
George Allen & Unwin, Ltd.
1962
|
| Hasła przedmiotowe: | |
| Etykiety: |
Dodaj etykietę
Nie ma etykietki, Dołącz pierwszą etykiete!
|
| Thư viện lưu trữ: | Trung tâm Học liệu Trường Đại học Cần Thơ |
|---|
| LEADER | 00472nam a2200181Ia 4500 | ||
|---|---|---|---|
| 001 | CTU_79570 | ||
| 008 | 210402s9999 xx 000 0 und d | ||
| 082 | |a 335 | ||
| 082 | |b S534 | ||
| 100 | |a Shaw, Goerge Bernard | ||
| 245 | 0 | |a Fabian essays | |
| 245 | 0 | |c Goerge Bernard Shaw | |
| 260 | |a London | ||
| 260 | |b George Allen & Unwin, Ltd. | ||
| 260 | |c 1962 | ||
| 650 | |a Socialism | ||
| 650 | |z Great Britain | ||
| 980 | |a Trung tâm Học liệu Trường Đại học Cần Thơ | ||